1360 1700 1808 1463 1682 1540 1275 1022 1306 1386 1420 1083 1890 1349 1415 1299 1613 1326 1252 1411 1679 1786 1230 1776 1893 1930 1745 1112 1182 1897 1895 1373 1194 1928 1488 1380 1289 1120 1974 1056 1057 1179 1999 1436 1753 1779 1529 1154 1851 1170 1420 1505 1717 1229 1521 1558 1272 1380 1029 1452 1149 1430 1382 1402 1668 1571 1123 1798 1702 1531 1314 1801 1826 1857 1999 1638 1539 1827 1654 1153 1802 1409 1801 1765 1234 1725 1384 1134 1707 1064 1300 1853 1772 1760 1909 1747 1637 1635 1363 BCNSPRNW ULIB Ver.6.0+V

เปลี่ยนเป็นภาษาไทย

Change to English
 แสดงรายละเอียดบรรณานุกรม
  กลับหน้าหลัก

Brief Record : Get Marc (ISO 2709) : E-mail record : QR code < ปิดหน้าต่าง
LEADER : 00000nam 2200000uu 4500
001    13399125286
003     ULIB
008    170328s2558||||th 000 0 tha d
020    ^a9786162797446
060 04 ^aWO517^bส882U
245 00 ^aUltrasound-guided regional anesthesia =^bการระงับความรู้สึกเฉพาะส่วนโดยอัลตราซาวด์ /^cบรรณาธิการ, สุวิมลต่างวิวัฒน์,อริศรา เอี่ยมอรุณ, พงศ์ธารา วิจิตเวชไพศาล ; วาดภาพ,รัชฎาพร จั่นเจริญ, เหมือนฝัน จันต๊ะอิน, ศกุนตลา สายแก้ว
246 31 ^aการระงับความรู้สึกเฉพาะส่วนโดยอัลตราซาวด์
260    ^aกรุงเทพฯ :^bภาควิชาวิสัญญีวิทยา คณะแพทยศาสตร์ศิริราชพยาบาลมหาวิทยาลัยมหิดล,^c2558.
300    ^axix, 252 หน้า :^bภาพประกอบ ;^c31 ซม.
505 0  ^a... ยาชา (Local anesthetics) ... ความรู้พื้นฐานเกี่ยวกับเครื่องอัลตราซาวด์ (Basic physics of medical ultrasound) ... การใช้อัลตราซาวด์สำหรับการระงับความรู้สึกเฉพาะส่วน (Ultrasound guided regional anesthesia) ... กายวิภาคศาสตร์ของรยางค์บนสำหรับการระงับความรู้สึกเฉพาะส่วน (Applied anatomy of the upper extremity) ... การฉีดยาระงับความรู้สึกเฉพาะส่วนที่กลุ่มประสาท brachial ระดับ interscalene โดย อัลตราซาวด์ (Ultrasound guided intrscalene brachial plexus block) ... การฉีดยาชาระงับความรู้สึกเฉพาะส่วนที่กลุ่มประสาท brachial ระดับ supraclavicular โดยอัลตราซาวด์ (Ultrasound guided supraclavicular brachial plexus block) ... การฉีดยาชาระงับความรู้สึกเฉพาะส่วนที่กลุ่มประสาท brachial ระดับ infraclavicular โดยอัลตราซาวด์ (Ultrasound guided infraclavicular brachial plexus block) ... การฉีดยาชาระงับความรู้สึก เฉพาะที่ส่วนกลุ่มประสาท brachial ระดับ axillary โดยอัลตราซาวด์ Ultrasounf guided axillary brachial plexus block) ... การฉีดยาชาเสริมที่เส้นประสาทสำหรับรยางค์บน โดยอัลตราซาวด์ (Ultrasound guided additional upper extremity peripheral nerve block) ... กายวิภาคศาสตร์ของรยางค์ล่างสำหรับการระงับความรู้สึกเฉพาะส่วน (Applied anatomy of the lower extrmity) ... การฉีดยาชาระงับความรู้สึกเฉพาะส่วนที่เส้นประสาท sciatic โดยอัลตราซาวด์ (Ultrasound guided sciatic nerve block) ... parasacral approach ... Transgluteal approach ... Subgluteal space approach ... Infragluteal approach ... การฉีดยาชาระงับความรู้สึกเฉพาะส่วน ที่เส้นประสท sciatic ระดับ popliteal โดยอัลตราซาวด์ (Ultrasound guided popliteal sciatic nerve block) ... การฉีดยาชาระงับความรู้สึกเฉพาะส่วนที่เส้นประสาท femoral โดยอัลตราซาวด์ (Ultrasound guided femoral nerve block) ... การฉีดยาชาระงับความรู้สึกเฉพาะส่วนที่ adductor canal โดยอัลตราซาวด์ (Ultrasound guided adductor canal block) ... การฉีดยาชาระงับความรู้สึกเฉพาะส่วนที่เส้นประสาท lateral femoral cutaneous โดยอัลตราซาวด์ (Ultrasound guided lateral femoral cutaneous nerve block) ... การฉีดยาชาระงับความรู้สึกเฉพาะส่วนที่เส้นประสาท obturator โดยอัลตราซาวด์ (Ultrasound guided obturator nerve block) ... การฉีด ยาชาระงับความรู้สึกเฉพาะส่วนที่ข้อเท้าและเท้าโดยอัลตราซาวด์ (Ultrasound guided ankle block) ... การฉีดยาชาระงับความรู้สึกเฉพาะส่วนที่ช่อง paravertebral ระดับ thoracic โดยอัลตราซาวด์ (Ultrasound guided thoracic paravertebral nerve block) ... การฉีดยาชาระงับความรู้สึกเฉพาะส่วนที่ Transversus Abdominis plane โดยอัลตราซาวด์ (Ultrasound guided TAP block) ... การใส่สายให้ยาชาระงับความรู้สึกเฉพาะส่วน (Introduction to continuous perineural catheters) ... การใส่สายให้ยาชาระงับความรู้สึกเฉพาะส่วนที่กลุ่มประสาท brachial ระดับ interscalene โดยอัลตราซาวด์ (Ultrasound guided continuous interscalene brachial plexus block) ... การใส่สายให้ยาชาระงับความรู้สึกเฉพาะส่วนที่กลุ่มประสาท brachial ระดับ infraclavicular โดยอัลตราซาวด์ (Ultrasound guided continuous infraclavicular brachial plexus block) ... การใส่สายให้ยาชา ระงับความรู้สึกเฉพาะส่วนที่เส้นประสาท femoral โดยอัลตราซาวด์ (Ultrasound guided continuous femoral nerve block) ... การฉีดยาชาระงับความรู้สึกเฉพาะส่วนที่ช่องไขสันหลัง โดยอัลตราซาวด์ (Ultrasound guided central neuraxial block)
650  2 ^aAnesthesia, Conduction
650  2 ^aAnesthesia, Local
650  2 ^aNerve Block
650  2 ^aPain^xtherapy
650  2 ^aUltrasonography^xmethods
650  7 ^aการระงับความรู้สึก
650  7 ^aยาระงับความรู้สึกเฉพาะที่
650  7 ^aระงับความรู้สึกเฉพาะบริเวณ
653    ^aผลงานอาจารย์คณะแพทยศาสตร์ศิริราชพยาบาล
700 0  ^aสุวิมล ต่างวิวัฒน์,^eบรรณาธิการ
700 0  ^aอริศรา เอี่ยมอรุณ,^eบรรณาธิการ
700 0  ^aพงศ์ธารา วิจิตเวชไพศาล,^eบรรณาธิการ
700 0  ^aรัชฎาพร จั่นเจริญ,^eผู้เขียนภาพประกอบ
700 0  ^aเหมือนฝัน จันต๊ะอิน,^eผู้เขียนภาพประกอบ
700 0  ^aศกุนตลา สายแก้ว,^eผู้เขียนภาพประกอบ
710 2  ^aมหาวิทยาลัยมหิดล.^bคณะแพทยศาสตร์ศิริราชพยาบาล.^bภาควิชาวิสัญญีวิทยา
856    ^a^zTable of Contents (Content)^uhttp://118.174.31.60:80/ULIB//_fulltext/Content/129273/20161215142321_2336.pdf
945    ^p0^l0^i001761
945    ^p0^l0^i001762
999    ^aวรรณษา ชูชัยมงคล
รายการนี้ยังไม่มีแท็ก
คุณยังไม่ได้ล็อกอิน คุณสามารถมีกิจกรรมร่วมกับเว็บไซต์ได้ แต่ต้องล็อกอินก่อน ::
  ล็อกอิน

รายการสื่อสารสนเทศ

ลำดับที่ ประเภท เลขเรียก/บาร์โค้ด สถานที่ สถานะ
1. วิทยาศาสตร์การแพทย์ และสุขภาพ
วิทยาศาสตร์การแพทย์ และสุขภาพ
สถานะ=หนังสือเก่า
WO517 ส882U ฉ.1 
  Barcode: 001761
ห้องสมุดวิทยาเขตสวรรค์ประชารักษ์
►ส่วนจัดเก็บหนังสือเก่า สปร
บนชั้น
  ขอยืม
2. วิทยาศาสตร์การแพทย์ และสุขภาพ
วิทยาศาสตร์การแพทย์ และสุขภาพ
สถานะ=หนังสือเก่า
WO517 ส882U ฉ.2 
  Barcode: 001762
ห้องสมุดวิทยาเขตสวรรค์ประชารักษ์
►ส่วนจัดเก็บหนังสือเก่า สปร
บนชั้น
  ขอยืม

รายการใกล้เคียง
    หัวเรื่อง [การระงับความรู้สึก]
    หัวเรื่อง [ยาระงับความรู้สึกเฉพาะที่]

BibComment


ยังไม่เคยถูกคอมเมนท์

คอมเมนท์ทรัพยากรรายการนี้
  คอมเมนท์: Ultrasoundguided..


 Copyright 2026. Bcnsprnw @Library